000 00778cam a2200157 4500500
005 20260201123816.0
041 _afre
042 _adc
100 1 0 _aMartinot-Lagarde, Pierre
_eauthor
245 0 0 _aRecomposition des représentations familiales
260 _c2008.
500 _a62
520 _aResumé Il a fallu de la ténacité à une poignée d’acteurs et d’intellectuels pour faire accepter l’idée de la Cité nationale de l’histoire de l’immigration. Aux Etats-Unis, le peuple est l’héritier de migrants, l’histoire les a intégrés, rejettera-t-elle ceux d’aujourd’hui ?
786 0 _nRevue Projet | 304 | 3 | 2008-05-01 | p. 19-27 | 0033-0884
856 4 1 _uhttps://shs.cairn.info/revue-projet-2008-3-page-19?lang=fr&redirect-ssocas=7080
999 _c1642083
_d1642083